Contributions to the study of the Ordovician of Ontario and Quebec, (Record no. 27360)

MARC details
000 -LEADER
fixed length control field 01317cam a22003251 4500
001 - CONTROL NUMBER
control field gs 37000166
003 - CONTROL NUMBER IDENTIFIER
control field DLC
005 - DATE AND TIME OF LATEST TRANSACTION
control field 20260227111342.0
008 - FIXED-LENGTH DATA ELEMENTS--GENERAL INFORMATION
fixed length control field 761111s1936 oncaf b 000 0 eng c
010 ## - LIBRARY OF CONGRESS CONTROL NUMBER
LC control number gs 37000166
035 ## - SYSTEM CONTROL NUMBER
System control number (OCoLC)2552855
040 ## - CATALOGING SOURCE
Original cataloging agency U.S.Geol.survey. Library
Transcribing agency OGraD
Modifying agency NSbSU
-- DLC
042 ## - AUTHENTICATION CODE
Authentication code premarc
050 00 - LIBRARY OF CONGRESS CALL NUMBER
Classification number QE185
Item number .A2 no. 202
100 1# - MAIN ENTRY--PERSONAL NAME
Personal name Wilson, Alice Evelyn,
Dates associated with a name 1881-
245 00 - TITLE STATEMENT
Title Contributions to the study of the Ordovician of Ontario and Quebec,
Statement of responsibility, etc. by A. E. Wilson, J. F. Caley, J. C. Sproule and V. J. Okulitch.
260 ## - PUBLICATION, DISTRIBUTION, ETC.
Place of publication, distribution, etc. Ottawa,
Name of publisher, distributor, etc. J.O. Patenaude, I.S.O., Printer to the king,
Date of publication, distribution, etc. 1936.
300 ## - PHYSICAL DESCRIPTION
Extent iv, 133 p.
Other physical details incl. illus., tables, diagr. IX pl.
Dimensions 25 cm.
490 1# - SERIES STATEMENT
Series statement Canada. Geological Survey. Memoir 202
500 ## - GENERAL NOTE
General note At head of title: Canada. Department of Mines. Bureau of Economic Geology.
504 ## - BIBLIOGRAPHY, ETC. NOTE
Bibliography, etc. note "Selected bibliography": p. 17-20.
504 ## - BIBLIOGRAPHY, ETC. NOTE
Bibliography, etc. note "References cited": p. 130.
650 #0 - SUBJECT ADDED ENTRY--TOPICAL TERM
Topical term or geographic name entry element Geology, Stratigraphic
Chronological subdivision Ordovician.
650 #0 - SUBJECT ADDED ENTRY--TOPICAL TERM
Topical term or geographic name entry element Geology
Geographic subdivision Ontario.
650 #0 - SUBJECT ADDED ENTRY--TOPICAL TERM
Topical term or geographic name entry element Geology
Geographic subdivision Québec (Province)
700 1# - ADDED ENTRY--PERSONAL NAME
Personal name Caley, John Fletcher,
Dates associated with a name 1905-
Relator term joint author.
700 1# - ADDED ENTRY--PERSONAL NAME
Personal name Sproule, John Campbell,
Dates associated with a name 1905-
Relator term joint author.
700 1# - ADDED ENTRY--PERSONAL NAME
Personal name Okulitch, Vladimir Joseph,
Dates associated with a name 1906-
Relator term joint author.
830 #0 - SERIES ADDED ENTRY--UNIFORM TITLE
Uniform title Memoir (Geological Survey of Canada) ;
Volume/sequential designation 202

No items available.

Powered by Koha